| 000 | 01042nam a22003135a 4500 | ||
|---|---|---|---|
| 006 | a||||fr|||| 00| 0 | ||
| 008 | 090209t1999 n a|||frb||| 001 0 eng d | ||
| 010 | _a 98003761 | ||
| 020 | _a9780130961907 | ||
| 022 | _a0130961906 [International ed.] | ||
| 040 |
_aEG-ScBUE _beng _cEG-ScBUE |
||
| 082 | 0 | 4 |
_a658.8 _bKOT _222 |
| 100 | 1 |
_aKotler, Philip. _913694 |
|
| 245 | 1 | 0 |
_aPrinciples of Marketing / _cPhilip Kotler, Gary Armstrong. |
| 250 | _a8th ed. | ||
| 260 |
_aUpper Saddle River : _bPrentice Hall International , _cc.1999. |
||
| 300 |
_a1 v. (various pagings) : _bcol. ill. ; _c29 cm. |
||
| 500 | _aAppendix | ||
| 500 | _aIndexes. | ||
| 500 | _aGlossary. | ||
| 504 | _aIncludes bibliographical references. | ||
| 538 | _aSystem requirements for accompanying computer disc: Windows 95. | ||
| 590 | _aMenna ELemam | ||
| 650 | 0 |
_aMarketing. _913695 _2BUEsh |
|
| 650 | 0 |
_aMarketing-- _xManagement. _2BUEsh |
|
| 651 | _2BUEsh | ||
| 700 | 1 |
_aArmstrong, Gary _q(Gary M.) _913696 |
|
| 942 |
_cBB _k658.8 KOT _2ddc |
||
| 999 |
_c6304 _d6304 |
||